Fiestas y costumbres de latinoamérica

Gorde:
Xehetasun bibliografikoak
Egile nagusia: Coluccio, Félix (Egilea)
Formatua: Liburua
Hizkuntza:gaztelania
Argitaratua: Buenos Aires Corregidor 1991
Edizioa:2a. ed
Gaiak:
Etiketak: Etiketa erantsi
Etiketarik gabe, Izan zaitez lehena erregistro honi etiketa jartzen!

MARC

LEADER 00000nam a2200000 a 4500
001 UCO7151
003 CL-VaPUC
008 001110e19910000AG |||||||||||||||||spa|d
082 0 4 |a 398.098  |b COL  |2 21 
100 0 |a Coluccio, Félix  |e author  |9 451863 
245 1 0 |a Fiestas y costumbres de latinoamérica 
250 |a 2a. ed 
300 |a 157 p 
942 |c BK 
945 |d 20001110 00:00:00  |a vberengu 
260 |a Buenos Aires  |b Corregidor  |c 1991 
650 0 |a Costumbres y tradiciones   |9 268292 
650 7 |a FIESTAS POPULARES  |2 CL-VaPUC  |9 442592 
650 0 |a Fiestas religiosas  |9 349319 
650 7 |a FOLKLORE  |2 CL-VaPUC  |9 268291 
651 0 |a América Latina   |9 255027 
583 |a last modification  |c 20001110 00:00:00  |k Rodrigo Vera 
999 |c 292348  |d 292346 
952 |0 0  |1 0  |4 0  |6 398_098000000000000_COL_1991  |7 0  |8 X  |9 343146  |a FDOMLP  |b BIBDER  |d 2019-11-20  |i 3666182  |l 2  |o 398.098 COL 1991  |p 3666182  |r 2023-09-21  |s 2023-09-21  |w 2019-11-20  |y BK_X  |k BU2